| 000 -LEADER |
| fixed length control field |
03172cas a2200673 a 4500 |
| 001 - CONTROL NUMBER |
| control field |
13495484 |
| 003 - CONTROL NUMBER IDENTIFIER |
| control field |
NUST |
| 005 - DATE AND TIME OF LATEST TRANSACTION |
| control field |
20220726150045.0 |
| 008 - FIXED-LENGTH DATA ELEMENTS--GENERAL INFORMATION |
| fixed length control field |
040220c19809999nyuzr 0 a0eng c |
| 010 ## - LIBRARY OF CONGRESS CONTROL NUMBER |
| LC control number |
2004208951 |
| Canceled/invalid LC control number |
80112183 |
| -- |
89007010 |
| -- |
94039249 |
| -- |
98035657 |
| -- |
2002044066 |
| 020 ## - INTERNATIONAL STANDARD BOOK NUMBER |
| International Standard Book Number |
9781438075471 |
| 022 0# - INTERNATIONAL STANDARD SERIAL NUMBER |
| International Standard Serial Number |
1935-8512 |
| ISSN-L |
1935-8512 |
| Source |
1 |
| 035 ## - SYSTEM CONTROL NUMBER |
| System control number |
(OCoLC)ocm33394525 |
| 038 ## - RECORD CONTENT LICENSOR |
| Staff Name |
Azhar |
| 040 ## - CATALOGING SOURCE |
| Original cataloging agency |
BKL |
| Language of cataloging |
eng |
| Transcribing agency |
BKL |
| Modifying agency |
DLC |
| -- |
OCLCQ |
| -- |
IGP |
| -- |
OCLCQ |
| -- |
OCLCF |
| -- |
OCLCO |
| -- |
YDXCP |
| -- |
FEM |
| -- |
KKX |
| -- |
OCLCQ |
| -- |
GILDS |
| -- |
OCLCO |
| -- |
OCL |
| -- |
ZQP |
| -- |
OCL |
| -- |
VP@ |
| 042 ## - AUTHENTICATION CODE |
| Authentication code |
pcc |
| -- |
nsdp |
| 050 00 - LIBRARY OF CONGRESS CALL NUMBER |
| Classification number |
PE1128 |
| Item number |
.B328 |
| 082 10 - DEWEY DECIMAL CLASSIFICATION NUMBER |
| Classification number |
428.0076 |
| Edition number |
14 |
| Author Mark |
SHA |
| 222 #0 - KEY TITLE |
| Key title |
Barron's practice exercises for the TOEFL, test of English as a foreign language |
| 245 00 - TITLE STATEMENT |
| Title |
Barron's practice exercises for the TOEFL, test of English as a foreign language. |
| 246 1# - VARYING FORM OF TITLE |
| Display text |
Vol. for 1999 is called: |
| Title proper/short title |
Practice exercises for the TOEFL test |
| 246 30 - VARYING FORM OF TITLE |
| Title proper/short title |
Barron's practice exercises for the test of English as a foreign language |
| 250 ## - EDITION STATEMENT |
| Edition statement |
8th edition |
| 260 ## - PUBLICATION, DISTRIBUTION, ETC. |
| Place of publication, distribution, etc. |
Woodbury, N.Y. : |
| Name of publisher, distributor, etc. |
Kaplan |
| Date of publication, distribution, etc. |
2015 |
| 300 ## - PHYSICAL DESCRIPTION |
| Extent |
571p |
| Other physical details |
illustrations ; |
| Dimensions |
28 cm |
| 310 ## - CURRENT PUBLICATION FREQUENCY |
| Current publication frequency |
Quadrennial, |
| Date of current publication frequency |
1999- |
| 321 ## - FORMER PUBLICATION FREQUENCY |
| Former publication frequency |
Irregular, |
| Dates of former publication frequency |
1980-1995 |
| 336 ## - CONTENT TYPE |
| Content type term |
text |
| Content type code |
txt |
| Source |
rdacontent |
| 337 ## - MEDIA TYPE |
| Media type term |
unmediated |
| Media type code |
n |
| Source |
rdamedia |
| 338 ## - CARRIER TYPE |
| Carrier type term |
volume |
| Carrier type code |
nc |
| Source |
rdacarrier |
| 362 0# - DATES OF PUBLICATION AND/OR SEQUENTIAL DESIGNATION |
| Dates of publication and/or sequential designation |
[1st ed.]- |
| 500 ## - GENERAL NOTE |
| General note |
Title varies slightly. |
| 500 ## - GENERAL NOTE |
| General note |
Edited by Pamela J. Sharpe. |
| 500 ## - GENERAL NOTE |
| General note |
Published: Hauppauge, N.Y., <1995-> |
| 515 ## - NUMBERING PECULIARITIES NOTE |
| Numbering peculiarities note |
Numbering begins with <3rd ed.> |
| 580 ## - LINKING ENTRY COMPLEXITY NOTE |
| Linking entry complexity note |
Also issued in a separate edition with the same printed text, but accompanied by audio CDs. |
| 588 ## - SOURCE OF DESCRIPTION NOTE |
| Source of description note |
Latest issue consulted: 6th ed., copyrighted 2007. |
| 650 #0 - SUBJECT ADDED ENTRY--TOPICAL TERM |
| Topical term or geographic name entry element |
Test of English as a Foreign Language |
| Form subdivision |
Study guides |
| -- |
Periodicals. |
| 9 (RLIN) |
95259 |
| 650 #0 - SUBJECT ADDED ENTRY--TOPICAL TERM |
| Topical term or geographic name entry element |
English language |
| Form subdivision |
Textbooks for foreign speakers |
| -- |
Periodicals. |
| 9 (RLIN) |
95260 |
| 650 #0 - SUBJECT ADDED ENTRY--TOPICAL TERM |
| Topical term or geographic name entry element |
English language |
| General subdivision |
Examinations |
| Form subdivision |
Study guides |
| -- |
Periodicals. |
| 9 (RLIN) |
95261 |
| 650 #7 - SUBJECT ADDED ENTRY--TOPICAL TERM |
| Topical term or geographic name entry element |
English language. |
| Source of heading or term |
fast |
| Authority record control number or standard number |
(OCoLC)fst00910920 |
| 650 #7 - SUBJECT ADDED ENTRY--TOPICAL TERM |
| Topical term or geographic name entry element |
English language |
| General subdivision |
Examinations. |
| Source of heading or term |
fast |
| Authority record control number or standard number |
(OCoLC)fst00911153 |
| 9 (RLIN) |
38860 |
| 650 #7 - SUBJECT ADDED ENTRY--TOPICAL TERM |
| Topical term or geographic name entry element |
Test of English as a Foreign Language. |
| Source of heading or term |
fast |
| Authority record control number or standard number |
(OCoLC)fst01148211 |
| 650 #7 - SUBJECT ADDED ENTRY--TOPICAL TERM |
| Topical term or geographic name entry element |
English language |
| Form subdivision |
Textbooks for foreign speakers |
| -- |
Yearbooks. |
| Source of heading or term |
sears |
| 9 (RLIN) |
95262 |
| 650 #7 - SUBJECT ADDED ENTRY--TOPICAL TERM |
| Topical term or geographic name entry element |
English language |
| Form subdivision |
Examinations |
| -- |
Study guides |
| -- |
Yearbooks. |
| Source of heading or term |
sears |
| 9 (RLIN) |
95263 |
| 655 #7 - INDEX TERM--GENRE/FORM |
| Genre/form data or focus term |
Textbooks. |
| Source of term |
fast |
| Authority record control number |
(OCoLC)fst01423863 |
| 655 #7 - INDEX TERM--GENRE/FORM |
| Genre/form data or focus term |
Study guides. |
| Source of term |
lcgft |
| 9 (RLIN) |
24862 |
| 655 #7 - INDEX TERM--GENRE/FORM |
| Genre/form data or focus term |
Periodicals. |
| Source of term |
lcgft |
| 655 #7 - INDEX TERM--GENRE/FORM |
| Genre/form data or focus term |
Textbooks. |
| Source of term |
lcgft |
| 9 (RLIN) |
95264 |
| 655 #7 - INDEX TERM--GENRE/FORM |
| Genre/form data or focus term |
Periodicals. |
| Source of term |
fast |
| Authority record control number |
(OCoLC)fst01411641 |
| 9 (RLIN) |
95265 |
| 655 #7 - INDEX TERM--GENRE/FORM |
| Genre/form data or focus term |
Study guides. |
| Source of term |
fast |
| Authority record control number |
(OCoLC)fst01423888 |
| 9 (RLIN) |
24862 |
| 655 #7 - INDEX TERM--GENRE/FORM |
| Genre/form data or focus term |
Textbooks |
| Form subdivision |
for foreign speakers. |
| Source of term |
fast |
| Authority record control number |
(OCoLC)fst01423864 |
| 9 (RLIN) |
94774 |
| 700 1# - ADDED ENTRY--PERSONAL NAME |
| Personal name |
Sharpe, Pamela J. |
| 775 1# - OTHER EDITION ENTRY |
| Title |
Barron's practice exercises for the TOEFL, test of English as a foreign language (Audio CD ed.) |
| International Standard Serial Number |
1935-8520 |
| Record control number |
(DLC) 2007214814 |
| -- |
(OCoLC)83600166 |
| 906 ## - LOCAL DATA ELEMENT F, LDF (RLIN) |
| a |
7 |
| b |
cbc |
| c |
serials |
| d |
2 |
| e |
ncip |
| f |
20 |
| g |
n-oclcserc |
| 942 ## - ADDED ENTRY ELEMENTS (KOHA) |
| Source of classification or shelving scheme |
|
| Koha item type |
Lincoln Corner |